| 000 | 00542nam a22001937a 4500 | ||
|---|---|---|---|
| 005 | 20250807115506.0 | ||
| 008 | 220113b ||||| |||| 00| 0 eng d | ||
| 040 | _cAL | ||
| 041 | _aeng | ||
| 082 |
_223 _a658.001 |
||
| 100 |
_aLakshminarayana Bhat A _9234527 |
||
| 245 | _aBusiness Economics | ||
| 260 |
_aMangaluru _bJnanadeepa Publications _c2022 |
||
| 300 |
_a112p _bPB _c21x13.5cm |
||
| 365 |
_a5087 _b₹80.00 _c₹ _d₹100.00 _e20% _f10-01-2022 |
||
| 650 |
_aNEP I SEM OE _913031 |
||
| 650 |
_aOpen Elective _954834 |
||
| 942 |
_2ddc _cBK |
||
| 999 |
_c221164 _d221164 |
||